00685nam a2200193 a 4500008004100000020001500041050001700056100002700073245004000100260009000140300002000230350000900250500005300259650003000312650004800342650004500390700002800435700002800463120416s1999 ||||||||||||||||| || u a0340759852 aQA 276.4 Mac aMcConway, Kevin, 1950-10aStatistical modelling using GENSTAT aLondon:bArnold in association with the Open University Oxford University Pressc1999 ax, 502p. : ill. a0.00 aIncludes bibliographical references and indexes. aGENSTAT(COMPUTER SYSTEMS) aLINEAR MODELS (STATISTICS)--DATA PROCESSING 0aMATHEMATICAL STATISTICS--DATA PROCESSING aTaylor, P. C. (Paul C.) aJones, M. C. (M. Chris)